[Event "Amantea op-B 6th"]
[Site "Amantea"]
[Date "2008.09.07"]
[Round "8"]
[White "Nicoletta, Oscare"]
[Black "Mazzuca, Aldo"]
[Result "0-1"]
[WhiteElo "1419"]
[BlackElo "1425"]
[PlyCount "48"]
[EventDate "2008.08.31"]
[EventType "swiss"]
[EventRounds "9"]
[EventCountry "ITA"]
[SourceTitle "CBM 126 Extra"]
[Source "ChessBase"]
[SourceDate "2008.11.05"]
[SourceVersion "1"]
[SourceVersionDate "2008.11.05"]
[SourceQuality "1"]

1. d4 d5 2. e3 Nf6 3. Nc3 Bf5 4. Bd3 Qd7 5. Nf3 Nc6 6. Nb5 a6 7. Bxf5 e6 8. Bxe6 fxe6 9. Nc3 Bb4 10. Bd2 0-0-0 11. a3 Ba5 12. b4 Bb6 13. Ng5 h6 14. Nf3 g5 15. 0-0 Qg7 16. Na4 Ba7 17. c3 Ne4 18. Nc5 Bxc5 19. bxc5 Na5 20. c4 Nxc4 21. h3 h5 22. Ra2 g4 23. Ne5 gxh3 24. Nxc4 Qxg2# 0-1